000 00313nam a22001337a 4500
008 170329b xxu||||| |||| 00| 0 eng d
020 _a0721632165
041 _aeng
080 _a616-053.2
100 _a8
101 _ashm
245 _a PEDIATRIC AND ADOLESCENT SPORTS MEDICINE
_cSTANITSKI
942 _2udc
_cBK
999 _c9008
_d9008